Business Research Methods (Record no. 4535)

MARC details
000 -LEADER
fixed length control field 00343nam a2200145Ia 4500
008 - FIXED-LENGTH DATA ELEMENTS--GENERAL INFORMATION
fixed length control field 191201s2010 xx 000 0 und d
082 ## - DEWEY DECIMAL CLASSIFICATION NUMBER
Classification number 658.0072
Item number COB
100 ## - MAIN ENTRY--PERSONAL NAME
Personal name ZIKMUND, WilliamG
245 #0 - TITLE STATEMENT
Title Business Research Methods
250 ## - EDITION STATEMENT
Edition statement Rep
260 ## - PUBLICATION, DISTRIBUTION, ETC. (IMPRINT)
Place of publication, distribution, etc N. delhi
Name of publisher, distributor, etc Thomson
Date of publication, distribution, etc 2010
300 ## - PHYSICAL DESCRIPTION
Extent 748
650 ## - SUBJECT ADDED ENTRY--TOPICAL TERM
Topical term or geographic name as entry element B.Tech(ME)
942 ## - ADDED ENTRY ELEMENTS (KOHA)
Source of classification or shelving scheme Dewey Decimal Classification
Koha item type Text Books
Holdings
Withdrawn status Lost status Source of classification or shelving scheme Damaged status Not for loan Collection code Home library Current library Date acquired Source of acquisition Cost, normal purchase price Bill Number Total Checkouts Full call number Acc. no. / Barcode Date last seen Bill Date Koha item type Date last borrowed
    Dewey Decimal Classification     B.Tech(ME) PIET C-LIBRARY PIET C-LIBRARY 11/06/2010 The book company 475.00 IN-1484   658.0072 ZIB 15515 04/12/2019 07/06/2010 Text Books  
    Dewey Decimal Classification     B.Tech(ME) PIET C-LIBRARY PIET C-LIBRARY 11/06/2010 The book company 475.00 IN-1484   658.0072 COB 15516 04/12/2019 07/06/2010 Text Books  
    Dewey Decimal Classification     B.Tech(ME) PIET C-LIBRARY PIET C-LIBRARY 11/06/2010 The book company 475.00 IN-1484   658.0072 ZIB 15517 04/12/2019 07/06/2010 Text Books  
    Dewey Decimal Classification     B.Tech(ME) PIET C-LIBRARY PIET C-LIBRARY 11/06/2010 The book company 475.00 IN-1484   658.0072 COB 15518 04/12/2019 07/06/2010 Text Books  
    Dewey Decimal Classification     B.Tech(ME) PIET C-LIBRARY PIET C-LIBRARY 11/06/2010 The book company 475.00 IN-1484 1 658.0072 ZIB 15519 17/03/2020 07/06/2010 Text Books 03/01/2020

Design & Developed by: PIET Central Library
R70 Miles Stone Pattikalyana Samalkha Panipat 132102
mail ID :- [email protected], Phone No:- 0180-2569700 Ex.216